000 00716cam a22002531 4500
001 10375
003 BD-RjUL
005 20211208234937.0
008 140123s1966 njua 001 0 eng
035 _a(BD-RjUL)10423
040 _aDLC
_cDLC
_dBD-RjUL
_beng
041 _aeng
082 0 0 _a547
_bCAP 1966
100 1 _aCason, James
_d1912-
_932081
245 1 0 _aPrinciples of modern organic chemistry /
_cJames Cason
260 _aEnglewood Cliffs ; N.J. :
_bPrentice-Hall,
_cc1966.
300 _axvii, 670 p. :
_billus. ;
_c24 cm.
504 _aIncludes index.
650 0 _aChemistry, Organic.
_932082
740 _aModern organic chemistry.
942 _2ddc
_cBK
999 _c10375
_d10375